Responses for Show #8842 - Tuesday, April 4, 2023

Brian Henegar game 1.

Contestants

[<< previous game]

Amanda Bain Wysocki, a social worker from Kansas City, Missouri

Brian Henegar, a guest services agent from LaFollette, Tennessee

Crystal Zhao, a tech consultant from Bloomington, Minnesota (whose 1-day cash winnings total $4,199)

[next game >>]

Jeopardy! Round responses

LOOKS GOOD ENOUGH TO EAT
REMEMBER RERUNS?
THE WORLD OF MIDDLE-EARTH
GOODNESS & MERCY
SHALL FOLLOW ME
ALL THE DAYS OF MY LIFE
    $200 7
an omelet

Brian
    $200 18
3000

Amanda
    $200 15
the Shire

Brian
    $200 28
forgive

Crystal
    $200 26
follow the leader

Brian
    $200 30
(Ken: That's correct and I am out of breath.)

Henry VIII

Amanda
    $400 6
Margherita

Crystal
    $400 17
Mayberry

Amanda
    $400 13
(Brian: Who is... oh, darn I lost it.)
...
(Ken: The artist formerly known as [*], or [**].)

Sméagol (Gollum)

CrystalBrian
    $400 27
good will

Amanda
    $400 25
ducklings

Brian
    $400 29
Indira Gandhi

Crystal
    $600 1
marzipan

Crystal
    $600 10
Carol Burnett

Brian
    $600 12
(Crystal: What is Mordor?)
(Brian: What is Sauron?)
...
(Ken: It's in Mordor, but it's [*].)

Mount Doom

CrystalBrian
Triple Stumper
    $600 8
(Amanda: Uh, what is amnesty?)
...
(Ken: The coin is [*], as in no [*] given.)

a quarter

Amanda
Triple Stumper
    $600 11
a convoy

Crystal
    $1,000 16
Jonas Salk

Brian
    $800 2
crème brûlée

Brian
    $800 3
Bonanza

Amanda
    $800 14
his sword

Triple Stumper
    $800 9
(Brian: What is a stay of execution?)

clemency

BrianAmanda
    $800 21
the California Highway Patrol

Amanda
    $800 19
Chuck Yeager

Brian
    $1000 5
pad thai

Crystal
    $1000 4
You Bet Your Life

Brian
    $1000 24
mithril

Crystal
    $1000 23
Sympathy

Triple Stumper
    $1000 22
the Domino Theory

Brian
    $1000 20
Ida B. Wells

Triple Stumper

Scores at the first commercial break (after clue 15):

Crystal Brian Amanda
$2,400 $1,000 $1,000

Scores at the end of the Jeopardy! Round:

Crystal Brian Amanda
$4,000 $4,400 $3,000

Double Jeopardy! Round responses

WATERFRONT PROPERTY
PAINT ME A PICTURE
SPORTS MEDICINE
TURTLES ALL THE WAY DOWN
TARANTINO FILMS
"ODD"s & "END"s
(Ken: One of those will appear in each correct response.)
    $400 29
a volcano

Brian
    $400 13
Picasso

Brian
    $400 27
plasma

Brian
    $400 28
Yertle the Turtle

Brian
    $400 1
Pulp Fiction

Brian
    $400 24
an appendix

Brian
    $800 30
(Crystal: What is Huron?)
(Amanda: What is Superior?)
(Ken: Also incorrect; only three left, Brian--can I interest you in a Great Lake?)
(Brian: No, thank you.)

Lake Erie

CrystalAmanda
Triple Stumper
    $800 12
Whistler

Crystal
    $800 26
(Ken: Another lead change.)
(Brian: Thank you.)

tennis elbow

Brian
    $800 25
the Teenage Mutant Ninja Turtles

Brian
    $800 2
Reservoir Dogs

Brian
    $800 23
amends

Crystal
    $3,800 16
(Brian: What is... the Arno?)
...
(Brian: [Slamming his hand on the lectern] Argh! The other one I was thinking of.)

the Tiber

Brian
    $4,400 10
(Crystal: [Deciding on a wager] Yeah, I guess... why not?--the whole Daily Double normal everything.)
(Ken: That's our catchphrase--the whole Daily Double everything.)
[Laughter]

the Girl with a Pearl Earring

Crystal
    $1200 9
shin splints

Crystal
    $1200 18
a submarine

Brian
    $1200 3
(Crystal: What is Django?)
[Ken does not rule.]
(Crystal: Unchained?)
(Ken: You got it in time, yes.)

Django Unchained

Crystal
    $1200 6
a referendum

Brian
    $1600 17
(Brian: What is the Dutch East India Company?)

the Hudson's Bay Company

Brian
Triple Stumper
    $1600 11
Luncheon on the Grass

Triple Stumper
    $1600 14
Tommy John

Brian
    $1600 19
"Happy Together"

Brian
    $1600 4
Inglourious Basterds

Amanda
    $1600 7
(Brian: What is... uh, inundated?)

sodden

BrianAmanda
    $2000 22
(Ken: That's correct. You're in the lead.)

the Orinoco

Crystal
    $2000 21
Winslow Homer

Triple Stumper
    $2000 15
the Lisfranc joint

Triple Stumper
    $2000 20
(Ken: You're back in the lead.)
(Brian: Good.)

a lyre

Brian
    $2000 5
(Crystal: What is Murphy Brown?)
...
(Ken: Yes, a great movie, although I would like to see Tarantino's Murphy Brown.)
[Laughter as Crystal shakes her head in embarrassment]
(Brian: Me, too.)

Jackie Brown

CrystalBrian
    $2000 8
fodder

Brian

Scores at the end of the Double Jeopardy! Round:

Crystal Brian Amanda
$11,600 $13,800 $5,400

[wagering suggestions for these scores]

Final Jeopardy! Round responses

NOVELISTS
(Ken: [To Brian] Yes, that's correct.)
[Brian puts his hands to his mouth wide open in surprise and puts a hand on his chest.]
(Ken: A reference to courtroom novels like The Chamber and Runaway Jury and The Confession.)
[Brian does some kind of wheeze laugh.]
...
(Ken: And as I believe is slowly dawning on you, you're a Jeopardy! champion.)
[Brian's gleeful reaction demonstrates the joy of the moment for him.]
AmandaWho is Upton Sinclair?
$4,000
CrystalWho is Lewis
$7,201
BrianWho is John Grisham?
$9,401
John Grisham

Final scores:

Crystal Brian Amanda
$4,399 $23,201 $1,400
2nd place: $2,000 New champion: $23,201 3rd place: $1,000

Game dynamics:

Coryat scores:

Crystal Brian Amanda
$8,400 $17,200 $5,400
14 R
(including 1 DD),
3 W
26 R
(including 1 DD),
6 W
(including 1 DD)
9 R,
2 W

Combined Coryat: $31,000

[game clues] [game scores] [suggest correction]

Game tape date: 2023-01-17
The J! Archive is created by fans, for fans. Scraping, republication, monetization, and malicious use prohibited; this site may use cookies and collect identifying information. See terms. The Jeopardy! game show and all elements thereof, including but not limited to copyright and trademark thereto, are the property of Jeopardy Productions, Inc. and are protected under law. This website is not affiliated with, sponsored by, or operated by Jeopardy Productions, Inc. Join the discussion at JBoard.tv.